00771nam a22002057a 4500003000400000005001700004008004100021022001300062040000900075050003200084245022800116260004600344300002400390440001100414500002000425700002100445700001800466700002600484800005500510OSt20230727133116.0140903b xxu||||| |||| 00| 0 eng d a08550840 cWIUC aKRX19.A3.G34(1984-86 vol.1) aThe Ghana law reports 1984-86 volume1: cases determined by the High Court, the Court of Appeal and the Supreme Court of the Republic of Ghana /: cedited by D.R.K. Sankah and assisted by L.K. Agbosu and John K. Essel Edzie. aAccra:bCouncil for Law Reporting,c1993. axlv, 802p. :c25cm. vVol. 1 aIncludes index. aSankah, D. R. K. aAgbosu, L. K. aEdzie, John K. Essel. aSankah, D.R.K.aAgbosu, L.K.aEdzie, Essel John K.